El Barbero de Rossini (Record no. 173770)

MARC details
000 -LEADER
campo de control de longitud fija 00943namaa22002171 4500
001 - NÚMERO DE CONTROL
campo de control 173770
003 - IDENTIFICADOR DE NÚMERO DE CONTROL
campo de control ES-MaACL
005 - FECHA Y HORA DE LA ÚLTIMA TRANSACCIÓN
campo de control 20250519193012.0
008 - DATOS DE LONGITUD FIJA--INFORMACIÓN GENERAL
campo de control de longitud fija 100118s1873 sp |||| | spa d
040 ## - FUENTE DE CATALOGACIÓN
Centro catalogador/agencia de origen SpMaBN
Lengua de catalogación spa
Centro/agencia transcriptor A2
100 1# - ENTRADA PRINCIPAL--NOMBRE DE PERSONA
Nombre de persona Liern, Rafael María.
9 (RLIN) 72253
245 13 - MENCIÓN DEL TÍTULO
Título El Barbero de Rossini
Resto del título : juguete bufo-lirico en un acto /
Mención de responsabilidad, etc. arreglado... por Amalfi [seud.] ; musica de Rafael de Aceves.
260 ## - PUBLICACIÓN, DISTRIBUCIÓN, ETC.
Lugar de publicación, distribución, etc. Madrid :
Nombre del editor, distribuidor, etc. [s.n.],
Fecha de publicación, distribución, etc. 1873 (
Fabricante José Rodriguez)
300 ## - DESCRIPCIÓN FÍSICA
Extensión 24 p. ;
Dimensiones 20 cm.
500 ## - NOTA GENERAL
Nota general Solo la letra.
500 ## - NOTA GENERAL
Nota general En la port.: Representado en el Teatro del Retiro el 1º de julio de 1873.
700 1# - ENTRADA AGREGADA--NOMBRE PERSONAL
Nombre de persona Aceves, Rafael.
9 (RLIN) 125537
700 1# - ENTRADA AGREGADA--NOMBRE PERSONAL
Nombre de persona Rossini, Gioachino,
Fechas asociadas al nombre 1792-1868
9 (RLIN) 240542
852 ## - LOCALIZACIÓN
Ubicación ES-MaACL
Número de control de estantería B-8603(10)
Nota libre .- Enc. pasta española
condición física .- Falto de la cub. original
Nota libre .- Enc. en un vol. facticio formando parte de la col. facticia "Teatro español moderno", vol. 56
Holdings
Estatus retirado Estado de pérdida Estado de daño No para préstamo Colección Biblioteca de origen Biblioteca actual Ubicación en estantería Fecha de adquisición Fuente de adquisición Total de préstamos Signatura topográfica completa Código de barras Visto por última vez Precio de reemplazo Tipo de ítem Koha
        Libros del s. XIX Biblioteca del Ateneo de Madrid Biblioteca del Ateneo de Madrid Sala Pardo Bazán 18/01/2010     B-8603(10) 1182400 23/02/2023 23/02/2023 Libro impreso antiguo